Statistics for Chess pieces trivia

Click here to take the quiz!

General Stats

  • This quiz has been taken 33 times
  • The average score is 13 of 15

Answer Stats

HintAnswer% Correct
How many pieces are there on the board in total?32
100%
How fast can a pawn reach the back rank? (number of moves)5
100%
How many different pieces are there in chess?6
100%
Which piece will stay on the same colour squares all game?Bishop
100%
Which piece is the only one that can't deliver checkmate?King
100%
How many knights do you need to force checkmate against a lone king?3
97%
How many pieces can create a fork (dubble attack)?6
97%
Which piece switches square colour every move?Knight
97%
Which piece has the shape of a fortress tower?Rook
94%
Which shape does a knight move make? (letter)L
88%
How many points of material is the Queen considered worth?9
81%
Which piece is the only one that can be blocked by enemy pieces?Pawn
72%
Which move allow you to move two pieces at once?Castle
69%
What move allows you take a piece without taking over it's square?En passant
63%
How many squares can queen reach at most?27
56%

Score Distribution

Percentile by Number Answered

Percent of People with Each Score

Your Score History

You have not taken this quiz